Normal view
MARC view
- Casady, Mona J
Entry Personal Name
001 - CONTROL NUMBER
- control field: 5993
003 - CONTROL NUMBER IDENTIFIER
- control field: OSt
005 - DATE AND TIME OF LATEST TRANSACTION
- control field: 20170518113503.0
008 - FIXED-LENGTH DATA ELEMENTS
- fixed length control field: 170518|| aca||aabn | a|a d
040 ## - CATALOGING SOURCE
- Original cataloging agency: OSt
- Transcribing agency: OSt
100 ## - HEADING--PERSONAL NAME
- Personal name: Casady, Mona J
670 ## - SOURCE DATA FOUND
- Source citation: Work cat.: (OSt): Casady, Mona J, Word Information Processing, 1985

PORTAL AKMAL
E-MEL JKDM
AKMAL2U
G-BAM
u-PUSTAKA